| 000 | 00652cam a2200205 a 4500 | ||
|---|---|---|---|
| 001 | u18059 | ||
| 003 | SIRSI | ||
| 008 | 061121s1984 enk 000 0 eng d | ||
| 020 | _a0412242001 | ||
| 040 | _aEAL | ||
| 050 |
_aS593.2 _bF58 1984 |
||
| 100 | _aFitzPatrick, Ewart Adsil. | ||
| 245 | 1 | 0 |
_aMicromorphology of soils / _c E.A. FitzPatrick. -- |
| 260 |
_aLondon ; _a New York : _b Chapman and Hall, _c 1984. |
||
| 300 |
_axiv, 433 p., [2] p. of plates : _b ill. (some col.) ; _c 25 cm. |
||
| 504 | _aIncludes bibliographical references. | ||
| 596 | _a1 | ||
| 650 | 0 | _aSoil micromorphology. | |
| 942 |
_cBK _2lcc |
||
| 999 |
_c25954 _d25954 |
||